| 000 | 00476nam a22001577a 4500 | ||
|---|---|---|---|
| 003 | NUST - PNEC | ||
| 005 | 20170116181000.0 | ||
| 008 | 150912b xxu||||| |||| 00| 0 eng d | ||
| 040 | _cLIBRARY | ||
| 082 | _a621.38152 NAT | ||
| 100 |
_99478 _a National Semiconductor Corporation |
||
| 245 |
_aNational Semiconductor microcomputer systems series/80 databook. _c National Semiconductor Corporation |
||
| 260 | _c1980 | ||
| 650 |
_99268 _aMicrocomputers _xME |
||
| 942 |
_2ddc _cBK |
||
| 999 |
_c66681 _d66681 |
||